000 00339nam a2200145Ia 4500
100 _aIrwin /David J
650 _aElectrical
942 _cBK
654 _aelectrical engineering
245 _aIntroduction to electrical engineering
260 _bPrentice Hall
_aNew Delhi
_c1995
300 _a780
546 _aENGLISH
999 _c17840
_d17840